000 00504nam a22001697a 4500
003 BD-DhUL
005 20161107141710.0
008 161107s1957 xxu||||| |||| 00| 0 eng
040 _aBD-DhUL
_cBD-DhUL
082 _a020.5
_bYEC
100 1 _aYenawine, Wayne S.
245 1 0 _aCurrent trends in circulation service In library Trends :
_bv.6, no. 1 /
_c Wayne S. Yenawine
260 _aU.S.A :
_b Wayne S. Yenawine,
_c1957.
300 _a100 p. ;
_c21 cm.
650 0 _aBanking.
942 _2ddc
_cBK
999 _c120447
_d120447